[Event "POR-chT"]
[Site "Peniche"]
[Date "2021.07.22"]
[Round "5.3"]
[White "Pinto, Andres"]
[Black "Cuenca Jimenez, Jose Fernando"]
[Result "0-1"]
[WhiteElo "1951"]
[BlackElo "2524"]
[PlyCount "120"]
[EventDate "2021.07.19"]
[EventType "team-tourn"]
[EventRounds "9"]
[EventCountry "POR"]
[SourceTitle "CBM 203 Extra"]
[Source "ChessBase"]
[SourceDate "2021.09.30"]
[SourceVersion "1"]
[SourceVersionDate "2021.09.30"]
[SourceQuality "1"]
[WhiteTeam "Corvos Do Lis"]
[BlackTeam "Montemor o Novo"]
[WhiteTeamCountry "POR"]
[BlackTeamCountry "POR"]

1. e4 e6 2. d3 c5 3. g3 Nc6 4. Bg2 g6 5. Ne2 Bg7 6. 0-0 Nge7 7. c4 d5 8. exd5 exd5 9. Nbc3 d4 10. Ne4 b6 11. Bg5 Bb7 12. Qd2 0-0 13. Bf6 Bxf6 14. Nxf6+ Kg7 15. Ng4 Qd6 16. h4 Rad8 17. Nf4 Bc8 18. Nh2 Ne5 19. Rfe1 Bf5 20. a3 N7c6 21. b4 Rfe8 22. b5 Na5 23. Qd1 h6 24. Be4 Bc8 25. Ra2 Nd7 26. Rae2 Nf6 27. Bg2 Rxe2 28. Rxe2 Nb7 29. Qe1 Kf8 30. Nd5 Nxd5 31. Bxd5 Qf6 32. Nf3 Nd6 33. Ne5 Bf5 34. Qd2 Kg7 35. Nc6 Rd7 36. Ne5 Rc7 37. a4 g5 38. hxg5 hxg5 39. g4 Bh7 40. Nf3 Qf4 41. Nxg5 Qxg4+ 42. Kh1 Qh4+ 43. Kg1 Bxd3 44. Qxd3 Qxg5+ 45. Kf1 Re7 46. Rxe7 Qxe7 47. Qg3+ Kf8 48. Qf4 Ke8 49. Bc6+ Kd8 50. Qg3 Kc7 51. Qg8 Nxc4 52. Qa8 Kd6 53. Qb8+ Ke6 54. Qf4 Ne5 55. Qe4 Kd6 56. Ba8 Qe6 57. f4 Nd7 58. Qf3 Qe3 59. Qd5+ Ke7 60. Qg5+ Nf6 0-1

[Event "POR-chT"]
[Site "Peniche"]
[Date "2021.07.19"]
[Round "1.5"]
[White "Pinto, Andres"]
[Black "Margarido, Jose Miguel Teixeir"]
[Result "1/2-1/2"]
[WhiteElo "1951"]
[BlackElo "2112"]
[PlyCount "61"]
[EventDate "2021.07.19"]
[EventType "team-tourn"]
[EventRounds "9"]
[EventCountry "POR"]
[SourceTitle "CBM 203 Extra"]
[Source "ChessBase"]
[SourceDate "2021.09.30"]
[SourceVersion "1"]
[SourceVersionDate "2021.09.30"]
[SourceQuality "1"]
[WhiteTeam "Corvos Do Lis"]
[BlackTeam "EPGaia"]
[WhiteTeamCountry "POR"]
[BlackTeamCountry "POR"]

1. Nf3 Nf6 2. g3 d5 3. Bg2 e6 4. 0-0 c5 5. d3 Nc6 6. Nbd2 Be7 7. e4 0-0 8. c3 b5 9. e5 Nd7 10. Re1 Qc7 11. d4 a5 12. Nf1 Ba6 13. h4 Rfc8 14. Bg5 Bf8 15. h5 h6 16. Bf4 Qd8 17. g4 Be7 18. Ne3 b4 19. Bf1 Bxf1 20. Rxf1 a4 21. a3 bxa3 22. bxa3 Nb6 23. Kh2 cxd4 24. cxd4 Na5 25. Rg1 Bg5 26. Bxg5 hxg5 27. Rb1 Nb3 28. Qd3 Rc6 29. Nd2 Nxd2 30. Qxd2 Rac8 31. Rgc1 1/2-1/2